Niezapomniane Jedenastki #44: Chile 2015 - Statystyki

Ogólne statystyki
  • Ten quiz został rozwiązany 50 razy
  • Średni wynik to 5 z 11
Statystyki odpowiedzi
Pozycja Klub Inicjały Zawodnik % Poprawnych
ŚP Juventus AV Arturo Vidal
98%
N Arsenal AS Alexis Sanchez
95%
BR Barcelona CB Claudio Bravo
95%
ŚO Inter GM Gary Medel
65%
N QPR EV Eduardo Vargas
37%
PO QPR MI Mauricio Isla
30%
ŚP Internacional CA Charles Aranguiz
21%
ŚO Mainz GJ Gonzalo Jara
16%
LO Colo-Colo JB Jean Beausejour
16%
ŚPO Palmeiras JV Jorge Valdivia
16%
ŚP Hamburg MD Marcelo Diaz
7%
Nie znaleziono quizów pasujących do podanych kryteriów
Rozkład punktacji
Procent ludzi z każdym wynikiem
Percentyl według liczby udzielonych odpowiedzi
Twoja historia wyników
Nie rozwiązałeś tego quizu